00342nam a2200133Ia 4500008004100000041001200041082001800053100001800071245004500089250001200134260002200146300000800168650003200176231217s9999 xx 000 0 und d aEnglish a669 PHA;1 R aPhaneesh, K R 0aMaterial science and matallurgy syllabus a8th ed. c2001bSudha Publ. a205 aMaterial,science,matallurgy